01922cam a22004694i 4500003000900000005001700009008004100026035001900067035001900086040003300105082002200138100004500160245013100205264009200336300003900428336002100467337002500488338002300513500009700536505035600633526001000989526001000999526000901009526000901018526000901027526000901036526000901045526000901054526000901063526000801072526000801080526000801088526000801096526000801104600004001112600004401152600007801196650002101274651005801295651005101353651004801404PE-LiUPU20250731165552.0150625s r 000 0 d a(Sirsi) a34567 a(Sirsi) a34567 aPE-LiUPUbspacPE-LiUPUerda04a985.04bL521h2231 aLeguía y Martínez, Germán,eautor.10aHistoria de la emancipación del Perú :bel protectoradon2 /cGermán Leguía y Martínez ; prólogo de Alberto Tauro. 1aLima :bComisión Nacional del Sesquicentenario de la Independencia del Perú,c1972. a691 páginas ;c24 centímetros. atext2rdacontent aunmediated2rdamedia avolume2rdacarrier aPublicaciones de la Comisión Nacional del Sesquicentenario de la Independencia del Perú. aPrimera alianza sudamericana -- Intervención armada argentino-chilena -- Preparativos de la expedición libertadora -- Obstáculos y peligros -- El repaso de los andes -- La desobediencia de Rancagua -- Coronación y realidad de la magna empresa -- La partida -- La expedición libertadora y los patriotas del Perú -- Campaña al sur de Lima. aSEG44 aSEG26 aP151 aP150 aP149 aP146 aP145 aP126 aP125 aP92 aP75 aP74 aP27 aP151 aSan Martín, José de.d1778-18501 aReyes y Buitrón, Andrés.d1780-18561 aTorre Tagle, José Bernardo Tagle y PortocarreroMarqués de.d1779-182504aPanamericanismo. aPerúxHistoriayExpedición Libertadora, 1808-1824 aArgentinaxHistoriayEmancipación, 1810-1817 aChilexHistoriayEmancipación, 1810-1830.